[Event "DEM U12 2018"]
[Site "Willingen GER"]
[Date "2018.05.25"]
[Round "10"]
[White "Schwartz, Oliver"]
[Black "Duduka, Artem"]
[Result "0-1"]
[Termination "normal"]
[Board "21"]
[WhiteElo "1651"]
[BlackElo "1598"]
[PlyCount "80"]
[WhiteFideId "16207459"]
[BlackFideId "14194805"]
[EventCountry "GER"]
[EventRounds "11"]
[EventType "swiss"]
[EventDate "2018.05.19"]

1. e4 e5 2. Nf3 Nc6 3. Bc4 Nf6 4. d3 Be7 5. c3 O-O 6. O-O d5 7. exd5 Nxd5 8.
Re1 Bf6 9. Nbd2 Re8 10. Ne4 Nb6 11. Bb3 Bf5 12. Nfg5 Rf8 13. Nxf6+ Qxf6 14. Ne4
Bxe4 15. Rxe4 Rad8 16. Rg4 h6 17. Rg3 Kh8 18. Bc2 Ne7 19. Be3 Nf5 20. Rh3 Nxe3
21. fxe3 Nd5 22. Qe2 Qb6 23. Bb3 Nf4 24. Qg4 Nxh3+ 25. Qxh3 Rxd3 26. Re1 Rd2
27. Rf1 Rxb2 28. Qf3 Rd2 29. Qe4 Qc6 30. Qxc6 bxc6 31. Re1 f6 32. h3 Rfd8 33.
Kh2 Rf2 34. Ba4 Rdd2 35. Bxc6 Rxa2 36. Rb1 f5 37. Rb7 e4 38. Rxc7 Rxg2+ 39. Kh1
Rge2 40. Rxa7 Re1# 0-1

[Event "DEM U12 2018"]
[Site "Willingen GER"]
[Date "2018.05.25"]
[Round "10"]
[White "Mimkes, Antal"]
[Black "Movsisyan, Andranik"]
[Result "1-0"]
[Termination "normal"]
[Board "22"]
[WhiteElo "1559"]
[BlackElo "1654"]
[PlyCount "87"]
[WhiteFideId "16265963"]
[BlackFideId "16240391"]
[EventCountry "GER"]
[EventRounds "11"]
[EventType "swiss"]
[EventDate "2018.05.19"]

1. d4 d5 2. Nf3 c5 3. c3 Bf5 4. Bg5 Qc7 5. e3 e6 6. Bd3 Bxd3 7. Qxd3 Bd6 8. O-O
Nd7 9. Re1 Ngf6 10. Nbd2 c4 11. Qe2 Ne4 12. Bh4 Ndf6 13. h3 h6 14. Bxf6 Nxf6
15. e4 dxe4 16. Nxe4 Nxe4 17. Qxe4 O-O 18. Rad1 Rfe8 19. d5 Rad8 20. dxe6 Rxe6
21. Qg4 Rg6 22. Qh4 Rf8 23. Rd4 Qb6 24. Re2 Qc6 25. Kf1 b5 26. Qe4 Qxe4 27.
Rexe4 f5 28. Re2 Rgf6 29. Red2 Bc7 30. Rd7 Bf4 31. R2d5 a6 32. Rd1 g5 33. g3
Bb8 34. Rb7 g4 35. Rdd7 Re8 36. Nh4 gxh3 37. Rg7+ Kh8 38. Ng6+ Rxg6 39. Rxg6 f4
40. Rxh6+ Kg8 41. Rxh3 fxg3 42. fxg3 Be5 43. Rh6 Bxg3 44. Rg6+ 1-0

[Event "DEM U12 2018"]
[Site "Willingen GER"]
[Date "2018.05.25"]
[Round "10"]
[White "Tovmasyan, Minas"]
[Black "Niemann, Leon"]
[Result "1-0"]
[Termination "normal"]
[Board "23"]
[WhiteElo "1480"]
[BlackElo "1563"]
[PlyCount "87"]
[WhiteFideId "16247620"]
[BlackFideId "16218388"]
[EventCountry "GER"]
[EventRounds "11"]
[EventType "swiss"]
[EventDate "2018.05.19"]

1. d4 Nf6 2. c4 c5 3. d5 b5 4. Qc2 bxc4 5. e4 d6 6. Bxc4 g6 7. Nc3 Bg7 8. Nf3
O-O 9. O-O Ba6 10. Bxa6 Nxa6 11. a3 Rb8 12. Bd2 Qb6 13. Rfb1 Nd7 14. Rc1 Nc7
15. Rab1 Ne5 16. Nxe5 Bxe5 17. Na4 Qb7 18. b4 cxb4 19. Rxb4 Nb5 20. Qd3 a6 21.
Rcb1 Qc7 22. Rc4 Qd7 23. Rc6 Nc7 24. Nb6 Qd8 25. g3 Bg7 26. Rbc1 Nb5 27. Ba5
Nd4 28. Nc4 Qe8 29. Rxa6 Qb5 30. Rb6 Rxb6 31. Bxb6 Nb3 32. Rb1 Rc8 33. Rxb3
Qxc4 34. Qxc4 Rxc4 35. Rb4 Rc8 36. a4 Ra8 37. a5 Bc3 38. Ra4 Ra6 39. Kf1 Kf8
40. Ke2 Ke8 41. Kd3 Be1 42. Kc4 Kd7 43. Kb5 Ra8 44. a6 1-0

[Event "DEM U12 2018"]
[Site "Willingen GER"]
[Date "2018.05.25"]
[Round "10"]
[White "Pikalow, Michael"]
[Black "Ljuca, Semir"]
[Result "1-0"]
[Termination "normal"]
[Board "24"]
[WhiteElo "1540"]
[BlackElo "1344"]
[PlyCount "80"]
[WhiteFideId "16227638"]
[BlackFideId "16216130"]
[EventCountry "GER"]
[EventRounds "11"]
[EventType "swiss"]
[EventDate "2018.05.19"]

1. e4 c5 2. Nf3 d6 3. d4 cxd4 4. Nxd4 Nf6 5. Nc3 e6 6. Bg5 Be7 7. Qd2 O-O 8.
O-O-O d5 9. Bxf6 Bxf6 10. exd5 exd5 11. Nf3 Bxc3 12. Qxc3 Nc6 13. Kb1 Re8 14.
Bb5 Re6 15. Qb3 Rd6 16. Nd4 a6 17. Be2 Nxd4 18. Rxd4 b5 19. Rhd1 Bb7 20. Bf3
Qd7 21. Bxd5 Kh8 22. c3 Qf5+ 23. Qc2 Qxc2+ 24. Kxc2 Bxd5 25. Rxd5 Rxd5 26. Rxd5
g6 27. Rd6 Re8 28. Kd2 Re6 29. Rxe6 fxe6 30. Ke3 Kg7 31. Ke4 Kf6 32. b3 h5 33.
h4 a5 34. c4 a4 35. cxb5 axb3 36. axb3 Ke7 37. Ke5 Kd7 38. b6 Kc6 39. Kxe6 Kxb6
40. g4 hxg4 1-0

[Event "DEM U12 2018"]
[Site "Willingen GER"]
[Date "2018.05.25"]
[Round "10"]
[White "Sinnhöfer, Joshua"]
[Black "Sieber, Bert"]
[Result "0-1"]
[Termination "normal"]
[Board "25"]
[WhiteElo "1536"]
[BlackElo "1453"]
[PlyCount "52"]
[WhiteFideId "16201361"]
[BlackFideId "16265971"]
[EventCountry "GER"]
[EventRounds "11"]
[EventType "swiss"]
[EventDate "2018.05.19"]

1. e4 c5 2. Nf3 Nc6 3. d4 cxd4 4. Nxd4 g6 5. c4 Bg7 6. Be3 Nf6 7. Nc3 O-O 8.
Be2 d6 9. O-O Nxd4 10. Bxd4 Bd7 11. f4 Bc6 12. Bf3 a5 13. a4 Nd7 14. Bxg7 Kxg7
15. Qd4+ Kg8 16. Kh1 Qb6 17. Qxb6 Nxb6 18. Be2 Rac8 19. Nd5 Bxd5 20. cxd5 Rc2
21. Bf3 Rfc8 22. e5 R8c5 23. Rfd1 Rxb2 24. Rdc1 Nxa4 25. h3 Rxc1+ 26. Rxc1 Nc5
0-1

[Event "DEM U12 2018"]
[Site "Willingen GER"]
[Date "2018.05.25"]
[Round "10"]
[White "Gerdes, Jannes"]
[Black "May, Alexander"]
[Result "1-0"]
[Termination "normal"]
[Board "26"]
[WhiteElo "1492"]
[BlackElo "1373"]
[PlyCount "91"]
[WhiteFideId "16254627"]
[BlackFideId "16244974"]
[EventCountry "GER"]
[EventRounds "11"]
[EventType "swiss"]
[EventDate "2018.05.19"]

1. e4 c5 2. Nf3 d6 3. d4 cxd4 4. Nxd4 Nf6 5. Nc3 a6 6. Be2 e5 7. Nf3 Be7 8. Bg5
O-O 9. Bxf6 Bxf6 10. Nd5 Nd7 11. Nd2 Nc5 12. b4 Ne6 13. Nc4 b5 14. Nce3 Bb7 15.
O-O Rc8 16. a4 Nd4 17. c3 Nc6 18. axb5 axb5 19. Bxb5 Bg5 20. Bxc6 Rxc6 21. Qd3
Qc8 22. b5 Rc5 23. Rfc1 Bxd5 24. Nxd5 Qd7 25. Rcb1 Rb8 26. c4 Qc8 27. Ra4 Kf8
28. Rbb4 Bd8 29. Ra6 Qd7 30. Rba4 Rbc8 31. h3 g6 32. Ra8 Kg7 33. R4a7 Qe8 34.
b6 Rxa8 35. Rxa8 Qd7 36. b7 Qxb7 37. Rxd8 Qa6 38. Rb8 Rxc4 39. Qe3 Qa1+ 40. Kh2
Rc2 41. h4 Qa2 42. h5 h6 43. Kg3 g5 44. Qf3 Qa7 45. Qf6+ Kh7 46. Rh8# 1-0

[Event "DEM U12 2018"]
[Site "Willingen GER"]
[Date "2018.05.25"]
[Round "10"]
[White "Dornheim, Carl Friedrich"]
[Black "Greßler, Christian"]
[Result "0-1"]
[Termination "normal"]
[Board "27"]
[WhiteElo "1441"]
[BlackElo "1290"]
[PlyCount "108"]
[WhiteFideId "16252314"]
[BlackFideId "16244907"]
[EventCountry "GER"]
[EventRounds "11"]
[EventType "swiss"]
[EventDate "2018.05.19"]

1. e4 e6 2. d4 d5 3. Nd2 Nf6 4. e5 Nfd7 5. Bd3 c5 6. c3 Nc6 7. Ne2 f6 8. Nf4
fxe5 9. Nxe6 Qb6 10. dxc5 Nxc5 11. Nxc5 Bxc5 12. Qh5+ Ke7 13. Qh4+ Kf7 14. Qh5+
Ke7 15. Qh4+ Ke6 16. Nb3 Be7 17. Qg4+ Kf7 18. Qf3+ Ke6 19. Qg4+ Kf7 20. Qh5+
Ke6 21. Be3 Qd8 22. Bxh7 Bf6 23. Bf5+ Kd6 24. Qg4 Rh4 25. Qg6 d4 26. O-O-O Ne7
27. Qf7 Nxf5 28. g3 Be6 29. Qxb7 Bxb3 30. Qxb3 Rh8 31. g4 Nxe3 32. fxe3 Ke7 33.
exd4 exd4 34. cxd4 Qb6 35. Rhe1+ Kf8 36. Qd5 Rc8+ 37. Kb1 Rxh2 38. b3 Qc6 39.
Qxc6 Rxc6 40. Rc1 Rxc1+ 41. Rxc1 Bxd4 42. Rf1+ Ke7 43. Rd1 Be5 44. Re1 Ke6 45.
Re3 Rb2+ 46. Kc1 Rxa2 47. Kd1 Rg2 48. Re4 Kd5 49. Ra4 Bd4 50. g5 Ke4 51. Ra5
Kd3 52. Re5 Bxe5 53. Ke1 Bd4 54. Kf1 Rg1# 0-1

[Event "DEM U12 2018"]
[Site "Willingen GER"]
[Date "2018.05.25"]
[Round "10"]
[White "Hochlenert, Ben"]
[Black "Felten, Maximilian"]
[Result "0-1"]
[Termination "normal"]
[Board "28"]
[WhiteElo "1023"]
[BlackElo "1664"]
[PlyCount "96"]
[WhiteFideId "16265980"]
[BlackFideId "4004949"]
[EventCountry "GER"]
[EventRounds "11"]
[EventType "swiss"]
[EventDate "2018.05.19"]

1. e4 e6 2. Nf3 d5 3. exd5 exd5 4. d4 Bd6 5. Nc3 c6 6. Be3 Bf5 7. Bd3 Bxd3 8.
Qxd3 Nf6 9. O-O Nbd7 10. Rae1 O-O 11. Na4 Ne4 12. Nc3 Ndf6 13. Nd2 Nxc3 14.
bxc3 Ng4 15. Nf3 Qc7 16. g3 Rae8 17. Bd2 Qd7 18. Ng5 Nf6 19. Rxe8 Rxe8 20. Re1
h6 21. Rxe8+ Qxe8 22. Nf3 Ne4 23. Qe3 Qd8 24. Ne5 Qc7 25. f4 Qa5 26. Nf3 Qxa2
27. Qd3 a5 28. Ne5 a4 29. c4 a3 30. c5 Bxe5 31. fxe5 Qb1+ 32. Kg2 a2 33. Bc3
Nxc3 34. Qxc3 a1=Q 35. Qxa1 Qxa1 36. h4 Qxd4 37. c4 dxc4 38. e6 fxe6 39. g4 c3
40. g5 c2 41. g6 c1=R 42. h5 Rc2+ 43. Kf3 Rc3+ 44. Ke2 Qd3+ 45. Ke1 Rc1+ 46.
Kf2 Rc2+ 47. Ke1 Qd2+ 48. Kf1 Rc1# 0-1

[Event "DEM U12 2018"]
[Site "Willingen GER"]
[Date "2018.05.26"]
[Round "11"]
[White "Tham, Nam"]
[Black "Werner, Denis"]
[Result "1/2-1/2"]
[Termination "normal"]
[Board "1"]
[WhiteElo "1866"]
[BlackElo "1706"]
[WhiteClock "00:01:15"]
[BlackClock "00:44:03"]
[PlyCount "93"]
[WhiteFideId "12997331"]
[BlackFideId "16226429"]
[EventCountry "GER"]
[EventRounds "11"]
[EventType "swiss"]
[EventDate "2018.05.19"]

1. e4 {[%clk 1:15:59]} 1... c5 {[%clk 1:15:44]} 2. Nf3 {[%clk 1:16:25]} 2...
Nc6 {[%clk 1:15:49]} 3. d4 {[%clk 1:16:52]} 3... cxd4 {[%clk 1:15:50]} 4. Nxd4
{[%clk 1:17:12]} 4... g6 {[%clk 1:15:55]} 5. c4 {[%clk 1:17:24]} 5... Bg7 {
[%clk 1:15:36]} 6. Nc2 {[%clk 1:17:44]} 6... d6 {[%clk 1:14:33]} 7. Be2 { [%clk
1:17:25]} 7... f5 {[%clk 1:13:42]} 8. exf5 {[%clk 1:12:39]} 8... Bxf5 { [%clk
1:13:14]} 9. O-O {[%clk 1:12:32]} 9... Nf6 {[%clk 1:12:10]} 10. Nc3 { [%clk
1:11:30]} 10... O-O {[%clk 1:11:10]} 11. Be3 {[%clk 1:10:32]} 11... Ne5 { [%clk
1:06:50]} 12. h3 {[%clk 1:10:06]} 12... Be6 {[%clk 1:05:48]} 13. Nd4 { [%clk
1:09:14]} 13... Bf7 {[%clk 1:04:05]} 14. b3 {[%clk 1:09:00]} 14... Nc6 { [%clk
1:03:32]} 15. Rc1 {[%clk 1:07:26]} 15... a6 {[%clk 1:02:13]} 16. Bf3 { [%clk
1:05:09]} 16... Rc8 {[%clk 1:00:57]} 17. Qd2 {[%clk 0:59:15]} 17... Qd7 { [%clk
0:58:35]} 18. Rfd1 {[%clk 0:57:47]} 18... Rfd8 {[%clk 0:57:26]} 19. Nd5 { [%clk
0:48:10]} 19... Nxd5 {[%clk 0:56:01]} 20. cxd5 {[%clk 0:46:34]} 20... Ne5
{[%clk 0:55:57]} 21. Be4 {[%clk 0:46:31]} 21... Qe8 {[%clk 0:53:52]} 22. f4 {
[%clk 0:34:45]} 22... Nd7 {[%clk 0:52:39]} 23. Bf3 {[%clk 0:34:04]} 23... Rxc1
{[%clk 0:52:02]} 24. Rxc1 {[%clk 0:34:19]} 24... Rc8 {[%clk 0:52:17]} 25. Re1 {
[%clk 0:32:51]} 25... Rc7 {[%clk 0:50:21]} 26. Bg4 {[%clk 0:27:14]} 26... Nc5 {
[%clk 0:48:35]} 27. b4 {[%clk 0:26:35]} 27... Ne4 {[%clk 0:48:28]} 28. Qd3 {
[%clk 0:26:58]} 28... Nf6 {[%clk 0:46:12]} 29. Ne6 {[%clk 0:26:41]} 29... Bxe6
{[%clk 0:46:27]} 30. Bxe6+ {[%clk 0:27:07]} 30... Kf8 {[%clk 0:46:42]} 31. Bb6
{[%clk 0:27:33]} 31... Rc8 {[%clk 0:46:19]} 32. Bxc8 {[%clk 0:27:11]} 32...
Qxc8 {[%clk 0:46:43]} 33. Bd4 {[%clk 0:23:43]} 33... b5 {[%clk 0:46:16]} 34.
Qd2 {[%clk 0:22:38]} 34... Qc4 {[%clk 0:46:28]} 35. Bxf6 {[%clk 0:21:53]} 35...
Bxf6 {[%clk 0:46:47]} 36. Rc1 {[%clk 0:21:46]} 36... Qe4 {[%clk 0:45:50]} 37.
Kh1 {[%clk 0:12:26]} 37... Bh4 {[%clk 0:45:01]} 38. f5 {[%clk 0:12:03]} 38...
gxf5 {[%clk 0:45:01]} 39. Qh6+ {[%clk 0:12:26]} 39... Kf7 {[%clk 0:45:10]} 40.
Qxh7+ {[%clk 0:12:50]} 40... Kf6 {[%clk 0:45:32]} 41. Qh8+ {[%clk 0:12:01]}
41... Kf7 {[%clk 0:45:48]} 42. Qh6 {[%clk 0:09:27]} 42... Bf6 {[%clk 0:44:53]}
43. Qh7+ {[%clk 0:09:42]} 43... Bg7 {[%clk 0:45:08]} 44. Rf1 {[%clk 0:07:11]}
44... Kf6 {[%clk 0:43:50]} 45. Qg8 {[%clk 0:04:21]} 45... Qe2 {[%clk 0:43:44]}
46. Rg1 {[%clk 0:03:29]} 46... Qe4 {[%clk 0:44:03]} 47. Rf1 {[%clk 0:01:15]}
1/2-1/2

[Event "DEM U12 2018"]
[Site "Willingen GER"]
[Date "2018.05.26"]
[Round "11"]
[White "Schubert, Nikita"]
[Black "Wagner, Leopold Franziskus"]
[Result "1-0"]
[Termination "normal"]
[Board "2"]
[WhiteElo "1802"]
[BlackElo "2234"]
[WhiteClock "00:05:41"]
[BlackClock "00:30:58"]
[PlyCount "117"]
[WhiteFideId "16212339"]
[BlackFideId "1641581"]
[EventCountry "GER"]
[EventRounds "11"]
[EventType "swiss"]
[EventDate "2018.05.19"]

1. d4 {[%clk 1:15:58]} 1... Nf6 {[%clk 1:15:49]} 2. Nf3 {[%clk 1:16:23]} 2...
e6 {[%clk 1:16:08]} 3. g3 {[%clk 1:16:48]} 3... b6 {[%clk 1:16:31]} 4. Bg2 {
[%clk 1:17:14]} 4... Bb7 {[%clk 1:16:57]} 5. O-O {[%clk 1:17:40]} 5... Be7 {
[%clk 1:17:14]} 6. c4 {[%clk 1:17:59]} 6... O-O {[%clk 1:17:32]} 7. Nc3 { [%clk
1:18:25]} 7... d5 {[%clk 1:17:49]} 8. Ne5 {[%clk 1:18:37]} 8... c5 { [%clk
1:16:54]} 9. cxd5 {[%clk 1:18:12]} 9... exd5 {[%clk 1:17:01]} 10. dxc5 { [%clk
1:10:36]} 10... Bxc5 {[%clk 1:04:40]} 11. Bg5 {[%clk 1:02:54]} 11... Re8 {[%clk
0:55:00]} 12. Nd3 {[%clk 0:44:30]} 12... Na6 {[%clk 0:46:29]} 13. e3 { [%clk
0:40:01]} 13... Be7 {[%clk 0:44:57]} 14. Nf4 {[%clk 0:30:17]} 14... Nc5 { [%clk
0:38:37]} 15. Bxf6 {[%clk 0:27:15]} 15... Bxf6 {[%clk 0:38:44]} 16. Nfxd5
{[%clk 0:27:13]} 16... Bxd5 {[%clk 0:37:10]} 17. Bxd5 {[%clk 0:26:05]} 17...
Rc8 {[%clk 0:36:36]} 18. Qf3 {[%clk 0:22:30]} 18... Qe7 {[%clk 0:35:32]} 19.
Rfd1 {[%clk 0:20:22]} 19... Bxc3 {[%clk 0:35:25]} 20. bxc3 {[%clk 0:20:38]}
20... Rc7 {[%clk 0:32:31]} 21. Rac1 {[%clk 0:15:06]} 21... g6 {[%clk 0:29:54]}
22. c4 {[%clk 0:13:15]} 22... Kg7 {[%clk 0:30:16]} 23. Qf4 {[%clk 0:12:48]}
23... Rec8 {[%clk 0:27:24]} 24. Qd4+ {[%clk 0:11:18]} 24... f6 {[%clk 0:27:10]}
25. Qb2 {[%clk 0:10:35]} 25... Nd7 {[%clk 0:27:23]} 26. Rc3 {[%clk 0:09:17]}
26... Ne5 {[%clk 0:27:26]} 27. Rdc1 {[%clk 0:08:58]} 27... h5 {[%clk 0:27:07]}
28. Kg2 {[%clk 0:08:18]} 28... h4 {[%clk 0:26:14]} 29. f4 {[%clk 0:07:11]}
29... Ng4 {[%clk 0:25:40]} 30. e4 {[%clk 0:05:42]} 30... h3+ {[%clk 0:23:23]}
31. Kxh3 {[%clk 0:04:48]} 31... Qd7 {[%clk 0:23:37]} 32. Kg2 {[%clk 0:04:45]}
32... Rh8 {[%clk 0:23:35]} 33. Rh1 {[%clk 0:04:31]} 33... Kh7 {[%clk 0:21:30]}
34. h3 {[%clk 0:04:14]} 34... Nh6 {[%clk 0:21:57]} 35. Rhc1 {[%clk 0:03:16]}
35... Rc5 {[%clk 0:22:05]} 36. Rd3 {[%clk 0:03:13]} 36... Qe7 {[%clk 0:22:27]}
37. Rcd1 {[%clk 0:02:56]} 37... Rc7 {[%clk 0:22:32]} 38. Qa3 {[%clk 0:02:35]}
38... Qg7 39. Be6 {[%clk 0:01:42]} 39... Re8 {[%clk 0:22:22]} 40. Rd7 { [%clk
0:01:18]} 40... Re7 {[%clk 0:22:47]} 41. Rxc7 {[%clk 0:00:35]} 41... Rxc7
{[%clk 0:23:03]} 42. Rd6 {[%clk 0:13:58]} 42... f5 {[%clk 0:36:39]} 43. e5 {
[%clk 0:13:51]} 43... Nf7 {[%clk 0:35:54]} 44. Rd5 {[%clk 0:09:53]} 44... Kh6 {
[%clk 0:35:42]} 45. Qd3 {[%clk 0:10:04]} 45... Re7 {[%clk 0:35:06]} 46. Bc8 {
[%clk 0:08:50]} 46... Rc7 {[%clk 0:34:34]} 47. Ba6 {[%clk 0:08:13]} 47... Re7 {
[%clk 0:34:11]} 48. Qd4 {[%clk 0:07:29]} 48... g5 {[%clk 0:33:35]} 49. Bc8 {
[%clk 0:07:02]} 49... gxf4 {[%clk 0:32:56]} 50. Qxf4+ {[%clk 0:07:12]} 50...
Qg5 {[%clk 0:33:18]} 51. h4 {[%clk 0:04:27]} 51... Qxf4 {[%clk 0:31:57]} 52.
gxf4 {[%clk 0:04:56]} 52... Kg6 {[%clk 0:31:48]} 53. Rd7 {[%clk 0:04:26]} 53...
Re8 {[%clk 0:31:54]} 54. Bb7 {[%clk 0:04:18]} 54... Nd8 {[%clk 0:32:09]} 55.
Bd5 {[%clk 0:04:42]} 55... a6 {[%clk 0:31:10]} 56. Rd6+ {[%clk 0:05:05]} 56...
Kh7 {[%clk 0:31:10]} 57. Rxb6 {[%clk 0:05:21]} 57... a5 {[%clk 0:30:41]} 58.
Ra6 {[%clk 0:05:41]} 58... Re7 {[%clk 0:30:58]} 59. Rxa5 1-0

[Event "DEM U12 2018"]
[Site "Willingen GER"]
[Date "2018.05.26"]
[Round "11"]
[White "Metzdorf, Matteo"]
[Black "Hommer, Jeremy"]
[Result "0-1"]
[Termination "normal"]
[Board "3"]
[WhiteElo "1832"]
[BlackElo "1897"]
[WhiteClock "00:01:14"]
[BlackClock "00:03:36"]
[PlyCount "74"]
[WhiteFideId "16209869"]
[BlackFideId "12992577"]
[EventCountry "GER"]
[EventRounds "11"]
[EventType "swiss"]
[EventDate "2018.05.19"]

1. e4 {[%clk 1:15:59]} 1... e6 {[%clk 1:15:59]} 2. d4 {[%clk 1:16:22]} 2... d5
{[%clk 1:16:24]} 3. Nc3 {[%clk 1:16:49]} 3... Nf6 {[%clk 1:16:43]} 4. Bg5 {
[%clk 1:17:13]} 4... dxe4 {[%clk 1:15:09]} 5. Nxe4 {[%clk 1:17:36]} 5... Be7 {
[%clk 1:14:41]} 6. Bxf6 {[%clk 1:17:59]} 6... gxf6 {[%clk 1:14:23]} 7. Nf3 {
[%clk 1:18:23]} 7... f5 {[%clk 1:14:28]} 8. Nc3 {[%clk 1:18:48]} 8... a6 {
[%clk 1:14:02]} 9. Qd2 {[%clk 1:19:00]} 9... b5 {[%clk 1:13:14]} 10. O-O-O {
[%clk 1:18:42]} 10... Bb7 {[%clk 1:12:57]} 11. d5 {[%clk 1:14:46]} 11... b4 {
[%clk 1:01:10]} 12. Qd4 {[%clk 1:11:10]} 12... Rg8 {[%clk 0:51:27]} 13. dxe6 {
[%clk 0:53:40]} 13... Qxd4 {[%clk 0:48:28]} 14. exf7+ {[%clk 0:53:54]} 14...
Kxf7 {[%clk 0:48:47]} 15. Nxd4 {[%clk 0:54:12]} 15... Bg5+ {[%clk 0:42:44]} 16.
f4 {[%clk 0:45:42]} 16... Bxf4+ {[%clk 0:43:11]} 17. Kb1 {[%clk 0:46:06]} 17...
Kf6 {[%clk 0:36:29]} 18. Bc4 {[%clk 0:39:44]} 18... Rd8 {[%clk 0:26:52]} 19.
Nce2 {[%clk 0:27:25]} 19... Be3 {[%clk 0:23:31]} 20. Nf3 {[%clk 0:22:34]} 20...
Nc6 {[%clk 0:22:37]} 21. Bd5 {[%clk 0:17:21]} 21... Na5 {[%clk 0:22:05]} 22.
Bxb7 {[%clk 0:16:04]} 22... Nxb7 {[%clk 0:22:34]} 23. c3 {[%clk 0:12:59]} 23...
a5 {[%clk 0:17:54]} 24. Kc2 {[%clk 0:11:18]} 24... c5 {[%clk 0:15:50]} 25. Rxd8
{[%clk 0:07:14]} 25... Rxd8 {[%clk 0:16:18]} 26. Rd1 {[%clk 0:07:17]} 26...
Rxd1 {[%clk 0:16:32]} 27. Kxd1 {[%clk 0:07:46]} 27... Nd6 {[%clk 0:16:38]} 28.
Kc2 {[%clk 0:07:20]} 28... f4 {[%clk 0:11:59]} 29. b3 {[%clk 0:04:24]} 29...
Kf5 {[%clk 0:08:54]} 30. Kd3 {[%clk 0:03:35]} 30... Bf2 {[%clk 0:07:15]} 31.
Nd2 {[%clk 0:01:25]} 31... h5 {[%clk 0:06:09]} 32. c4 {[%clk 0:00:56]} 32...
Nf7 {[%clk 0:04:47]} 33. Ne4 {[%clk 0:00:42]} 33... Ne5+ {[%clk 0:04:56]} 34.
Kd2 {[%clk 0:00:47]} 34... Kxe4 {[%clk 0:05:24]} 35. h3 {[%clk 0:01:00]} 35...
Nc6 {[%clk 0:04:49]} 36. Kd1 {[%clk 0:00:58]} 36... Ke3 {[%clk 0:04:12]} 37.
Nc1 {[%clk 0:01:14]} 37... Nd4 {[%clk 0:03:36]} 0-1

[Event "DEM U12 2018"]
[Site "Willingen GER"]
[Date "2018.05.26"]
[Round "11"]
[White "Huo, Da"]
[Black "Laux, Dominik"]
[Result "1/2-1/2"]
[Termination "normal"]
[Board "4"]
[WhiteElo "1686"]
[BlackElo "1889"]
[WhiteClock "00:02:28"]
[BlackClock "00:00:41"]
[PlyCount "142"]
[WhiteFideId "16221206"]
[BlackFideId "12994219"]
[EventCountry "GER"]
[EventRounds "11"]
[EventType "swiss"]
[EventDate "2018.05.19"]

1. e4 {[%clk 1:15:58]} 1... g6 {[%clk 1:15:53]} 2. d4 {[%clk 1:16:24]} 2... Bg7
{[%clk 1:16:18]} 3. Nc3 {[%clk 1:16:48]} 3... c6 {[%clk 1:16:45]} 4. f4 { [%clk
1:17:07]} 4... d5 {[%clk 1:17:07]} 5. e5 {[%clk 1:16:48]} 5... Nh6 { [%clk
1:17:33]} 6. Nf3 {[%clk 1:17:06]} 6... f6 {[%clk 1:17:36]} 7. Bd3 { [%clk
1:12:30]} 7... O-O {[%clk 1:15:56]} 8. Ne2 {[%clk 1:04:13]} 8... Bg4 { [%clk
1:12:48]} 9. O-O {[%clk 1:01:04]} 9... e6 {[%clk 1:07:37]} 10. Kh1 { [%clk
0:52:56]} 10... Nd7 {[%clk 1:03:28]} 11. Ng3 {[%clk 0:49:39]} 11... c5 { [%clk
0:57:38]} 12. c3 {[%clk 0:49:53]} 12... cxd4 {[%clk 0:52:38]} 13. cxd4 { [%clk
0:50:09]} 13... Qb6 {[%clk 0:52:31]} 14. Be2 {[%clk 0:50:03]} 14... Rac8 {[%clk
0:48:19]} 15. Qa4 {[%clk 0:46:32]} 15... Rf7 {[%clk 0:42:20]} 16. Bb5 { [%clk
0:38:37]} 16... Nb8 {[%clk 0:39:55]} 17. Be2 {[%clk 0:37:57]} 17... Nc6 { [%clk
0:38:04]} 18. Rd1 {[%clk 0:33:44]} 18... Rfc7 {[%clk 0:32:27]} 19. b3 { [%clk
0:27:22]} 19... a6 {[%clk 0:24:50]} 20. Ba3 {[%clk 0:25:53]} 20... Bxf3 { [%clk
0:19:57]} 21. Bxf3 {[%clk 0:25:17]} 21... Qa7 {[%clk 0:19:37]} 22. Bd6 { [%clk
0:23:33]} 22... Rd7 {[%clk 0:19:05]} 23. Rac1 {[%clk 0:22:32]} 23... Nf7 {[%clk
0:17:59]} 24. Bc5 {[%clk 0:20:14]} 24... b6 {[%clk 0:16:49]} 25. Bb4 { [%clk
0:19:50]} 25... b5 {[%clk 0:15:01]} 26. Qa3 {[%clk 0:20:16]} 26... Bh6 { [%clk
0:11:46]} 27. Bc5 {[%clk 0:19:36]} 27... Qb7 {[%clk 0:11:46]} 28. Ne2 { [%clk
0:16:52]} 28... f5 {[%clk 0:09:56]} 29. g3 {[%clk 0:16:02]} 29... Rdc7 { [%clk
0:08:43]} 30. Rd2 {[%clk 0:12:15]} 30... b4 {[%clk 0:06:45]} 31. Qb2 { [%clk
0:12:09]} 31... Ncxe5 {[%clk 0:06:37]} 32. dxe5 {[%clk 0:09:47]} 32... Rxc5
{[%clk 0:06:27]} 33. Rxc5 {[%clk 0:09:20]} 33... Rxc5 {[%clk 0:06:56]} 34. Qd4
{[%clk 0:09:20]} 34... Bf8 {[%clk 0:06:33]} 35. g4 {[%clk 0:09:22]} 35... Qc7
{[%clk 0:05:12]} 36. Kg2 {[%clk 0:09:34]} 36... a5 {[%clk 0:04:11]} 37. Qd3
{[%clk 0:09:08]} 37... Bh6 {[%clk 0:03:35]} 38. g5 {[%clk 0:09:05]} 38... Bf8 {
[%clk 0:03:17]} 39. Qa6 {[%clk 0:08:10]} 39... Rc6 {[%clk 0:03:07]} 40. Qb5 {
[%clk 0:08:26]} 40... Bc5 {[%clk 0:02:21]} 41. Rc2 {[%clk 0:08:19]} 41... Nd8 {
[%clk 0:02:20]} 42. h4 {[%clk 0:07:55]} 42... Be3 {[%clk 0:13:35]} 43. Rxc6 {
[%clk 0:23:13]} 43... Nxc6 {[%clk 0:13:13]} 44. Kg3 {[%clk 0:23:14]} 44... Qb6
{[%clk 0:12:29]} 45. Qxb6 {[%clk 0:22:58]} 45... Bxb6 {[%clk 0:12:53]} 46. h5 {
[%clk 0:22:30]} 46... Be3 {[%clk 0:10:21]} 47. hxg6 {[%clk 0:22:04]} 47... hxg6
{[%clk 0:10:29]} 48. Bg2 {[%clk 0:21:16]} 48... Kf7 {[%clk 0:09:42]} 49. Kf3 {
[%clk 0:21:41]} 49... Bd2 {[%clk 0:09:32]} 50. Bf1 {[%clk 0:20:34]} 50... Ke7 {
[%clk 0:09:09]} 51. Ng1 {[%clk 0:20:29]} 51... Nd4+ {[%clk 0:08:55]} 52. Kg3 {
[%clk 0:20:53]} 52... Be1+ {[%clk 0:06:26]} 53. Kg2 {[%clk 0:21:03]} 53... Nc6
{[%clk 0:06:06]} 54. Bb5 {[%clk 0:20:54]} 54... Kd7 {[%clk 0:05:43]} 55. Ne2 {
[%clk 0:20:47]} 55... Bc3 {[%clk 0:05:05]} 56. Kf3 {[%clk 0:18:10]} 56... Kc7 {
[%clk 0:04:22]} 57. Ke3 {[%clk 0:16:13]} 57... Kb6 {[%clk 0:04:24]} 58. Bd3 {
[%clk 0:11:29]} 58... Kc5 {[%clk 0:03:17]} 59. Ba6 {[%clk 0:08:16]} 59... Ne7 {
[%clk 0:03:26]} 60. Nc1 {[%clk 0:07:23]} 60... Kb6 {[%clk 0:03:16]} 61. Bf1 {
[%clk 0:07:33]} 61... d4+ {[%clk 0:02:41]} 62. Kf3 {[%clk 0:07:23]} 62... Nd5 {
[%clk 0:02:34]} 63. Bc4 {[%clk 0:07:24]} 63... Kc6 {[%clk 0:02:26]} 64. Nd3 {
[%clk 0:03:26]} 64... Bd2 {[%clk 0:02:13]} 65. Ke2 {[%clk 0:02:51]} 65... Be3 {
[%clk 0:01:39]} 66. Kf3 {[%clk 0:03:15]} 66... Nc7 {[%clk 0:01:14]} 67. Kg3 {
[%clk 0:02:48]} 67... Bd2 {[%clk 0:00:59]} 68. Kf3 {[%clk 0:03:09]} 68... Bc3 {
[%clk 0:01:03]} 69. Ke2 {[%clk 0:03:22]} 69... Nd5 {[%clk 0:00:49]} 70. Kf3 {
[%clk 0:03:09]} 70... Ba1 {[%clk 0:00:50]} 71. Kg3 {[%clk 0:02:28]} 71... Bc3 {
[%clk 0:00:41]} 1/2-1/2